Serenissime Caesareo-Regie Haereditarie Princeps, Archi Dux Austriae, et Regni Hungariae Palatine, Excelsi Proceres, ac Inclyti Status, et Ordines Regni, Domine, Domini, Benignissime, Gratiosissimi!
| Format: | Book |
|---|---|
| Language: | Latin |
| PhysicalDescription: | 21 s. 2° |
| Published: |
Viennae
[s.n.]
1827
|
MARC
| LEADER | 00000nam a2200000 a 4500 | ||
|---|---|---|---|
| 001 | vtls010335162 | ||
| 003 | SK-MaSNL | ||
| 005 | 20260224035712.0 | ||
| 008 | 180810s1827 au 000 0 lat | ||
| 040 | |a SNK |b slo |c SNK |e AACR2 | ||
| 041 | 0 | |a lat | |
| 044 | |a au |c AT | ||
| 245 | 0 | 0 | |a Serenissime Caesareo-Regie Haereditarie Princeps, Archi Dux Austriae, et Regni Hungariae Palatine, Excelsi Proceres, ac Inclyti Status, et Ordines Regni, Domine, Domini, Benignissime, Gratiosissimi! |
| 260 | |a Viennae |b [s.n.] |c 1827 | ||
| 300 | |a 21 s. |c 2° | ||
| 958 | |a ONDV | ||
| 999 | |c 836716 |d 838646 | ||
| 952 | |a SNK |b SNK |y PREZ |7 0 |p 17A0722131 |o snkSA 1152 |i snkF 3242/83 |8 5 |0 0 |1 0 |4 0 |d 2012-01-16 |l 0 |r 2025-01-23 00:00:00 |w 2026-02-24 | ||


